Tous les joueurs de Ligue 1 2024/2025 - Statistiques

Statistiques générales
  • Ce quiz a été pris 429 fois
    350 depuis la dernière actualisation
  • Le résultat moyen est 153 sur 488
Statistiques - réponses
Club Poste Joueurs Nationalité Numéro % Correct
Angers SCO Gardien de but Yahia Fofana 30
82%
Stade de Reims Milieu de terrain Yaya Fofana 8
82%
Olympique Lyonnais Attaquant Malick Fofana 11
81%
Stade Rennais FC Milieu de terrain Seko Fofana 8
81%
Paris SG Attaquant Ousmane Dembélé 10
74%
Paris SG Gardien de but Gianluigi Donnarumma 1
73%
Paris SG Attaquant Kang-in Lee 19
72%
Olympique de Marseille Gardien de but Gerónimo Rulli 1
70%
RC Strasbourg Défenseur Valentín Barco 32
70%
Paris SG Défenseur Achraf Hakimi 2
69%
Olympique Lyonnais Attaquant Alexandre Lacazette 10
68%
Paris SG Attaquant Désiré Doué 14
68%
RC Strasbourg Défenseur Guéla Doué 22
68%
LOSC Lille Gardien de but Lucas Chevalier 30
68%
Paris SG Défenseur Marquinhos 5
68%
Olympique de Marseille Attaquant Mason Greenwood 10
68%
Paris SG Défenseur Nuno Mendes 25
68%
Paris SG Milieu de terrain Vitinha 17
68%
Paris SG Attaquant Gonçalo Ramos 9
67%
Paris SG Défenseur Willian Pacho 51
67%
Paris SG Milieu de terrain Fabián Ruiz 8
66%
Olympique Lyonnais Gardien de but Lucas Perri 1
66%
Paris SG Gardien de but Matvey Safonov 39
66%
Paris SG Attaquant Bradley Barcola 29
65%
Olympique Lyonnais Défenseur Duje Caleta-Car 55
65%
Paris SG Milieu de terrain João Neves 87
65%
LOSC Lille Attaquant Jonathan David 9
65%
Paris SG Coach Luis Enrique
64%
Olympique Lyonnais Milieu de terrain Rayan Cherki 18
64%
Paris SG Milieu de terrain Warren Zaïre-Emery 33
64%
AS Monaco Milieu de terrain Lamine Camara 15
63%
Olympique de Marseille Défenseur Leonardo Balerdi 5
63%
Stade Brestois 29 Milieu de terrain Mahdi Camara 45
63%
Angers SCO Défenseur Ousmane Camara 29
63%
Paris SG Défenseur Presnel Kimpembe 3
63%
Olympique de Marseille Attaquant Amine Gouiri 9
62%
Paris SG Gardien de but Arnau Tenas 80
62%
Olympique Lyonnais Milieu de terrain Corentin Tolisso 8
62%
Paris SG Défenseur Lucas Beraldo 35
62%
Olympique de Marseille Coach Roberto De Zerbi
62%
Olympique de Marseille Défenseur Chancel Mbemba 99
61%
Olympique Lyonnais Attaquant Georges Mikautadze 69
61%
AS Monaco Défenseur Caio Henrique 12
60%
Paris SG Défenseur Lucas Hernández 21
60%
Olympique Lyonnais Défenseur Nicolás Tagliafico 3
60%
Olympique de Marseille Milieu de terrain Adrien Rabiot 25
59%
Stade Rennais FC Gardien de but Brice Samba 1
59%
Olympique de Marseille Milieu de terrain Geoffrey Kondogbia 19
59%
Olympique de Marseille Attaquant Luis Henrique 44
59%
FC Nantes Gardien de but Alban Lafont 1
57%
FC Nantes Gardien de but Anthony Lopes 16
57%
Olympique de Marseille Milieu de terrain Gaël Lafont 47
57%
Olympique Lyonnais Milieu de terrain Nemanja Matic 31
57%
Stade Brestois 29 Attaquant Ludovic Ajorque 19
56%
Olympique Lyonnais Coach Paulo Fonseca
56%
Paris SG Milieu de terrain Senny Mayulu 24
56%
RC Strasbourg Milieu de terrain Andrey Santos 8
55%
Stade Brestois 29 Gardien de but Marco Bizot 40
55%
LOSC Lille Défenseur Tiago Santos 22
55%
Olympique de Marseille Milieu de terrain Valentin Rongier 21
55%
LOSC Lille Milieu de terrain André Gomes 26
54%
RC Lens Milieu de terrain Andy Diouf 18
54%
LOSC Lille Milieu de terrain Angel Gomes 8
54%
LOSC Lille Milieu de terrain Benjamin André 21
54%
AS Monaco Attaquant Breel Embolo 36
54%
Olympique Lyonnais Attaquant Ernest Nuamah 37
54%
RC Lens Défenseur Facundo Medina 14
54%
Olympique de Marseille Milieu de terrain Ismaël Bennacer 22
54%
LOSC Lille Défenseur Thomas Meunier 12
54%
Stade de Reims Gardien de but Yehvann Diouf 94
54%
AS Monaco Milieu de terrain Aleksandr Golovin 10
53%
Olympique de Marseille Milieu de terrain Amine Harit 11
53%
Olympique de Marseille Défenseur Amir Murillo 62
53%
AS Monaco Attaquant Eliesse Ben Seghir 7
53%
AS Monaco Attaquant Takumi Minamino 18
53%
Olympique Lyonnais Défenseur Clinton Mata 22
52%
Paris SG Attaquant Khvicha Kvaratskhelia 7
52%
AS Monaco Attaquant Maghnes Akliouche 11
52%
OGC Nice Gardien de but Marcin Bulka 1
52%
Olympique Lyonnais Milieu de terrain Thiago Almada 23
52%
Olympique Lyonnais Défenseur Ainsley Maitland-Niles 98
51%
LOSC Lille Défenseur Bafodé Diakité 18
51%
LOSC Lille Coach Bruno Génésio
51%
AS Monaco Milieu de terrain Denis Zakaria 6
51%
LOSC Lille Attaquant Edon Zhegrova 23
51%
Angers SCO Attaquant Estéban Lepaul 19
51%
FC Nantes Attaquant Moses Simon 27
51%
Stade de Reims Attaquant Oumar Diakité 22
51%
Olympique de Marseille Défenseur Quentin Merlin 3
51%
Stade Rennais FC Gardien de but Steve Mandanda 30
51%
Montpellier HSC Milieu de terrain Téji Savanier 11
51%
LOSC Lille Milieu de terrain Hákon Arnar Haraldsson 7
50%
Olympique de Marseille Milieu de terrain Pierre-Emile Højbjerg 23
50%
Stade Brestois 29 Milieu de terrain Pierre Lees-Melou 20
50%
AS Monaco Défenseur Thilo Kehrer 5
50%
OGC Nice Défenseur Dante 4
49%
AS Monaco Attaquant Folarin Balogun 9
49%
Olympique Lyonnais Milieu de terrain Jordan Veretout 7
49%
Stade de Reims Attaquant Junya Ito 7
49%
FC Nantes Attaquant Mostafa Mohamed 31
49%
LOSC Lille Milieu de terrain Nabil Bentaleb 6
49%
AS Monaco Coach Adi Hütter
48%
Olympique de Marseille Défenseur Derek Cornelius 13
48%
AJ Auxerre Gardien de but Donovan Léon 16
48%
Le Havre AC Défenseur Fodé Ballo-Touré 97
48%
Olympique de Marseille Défenseur Pol Lirola 29
48%
LOSC Lille Milieu de terrain Rémy Cabella 10
48%
FC Nantes Attaquant Sorba Thomas 22
48%
Le Havre AC Milieu de terrain Abdoulaye Touré 94
47%
RC Lens Gardien de but Mathew Ryan 30
47%
Olympique Lyonnais Milieu de terrain Tanner Tessmann 15
47%
Montpellier HSC Gardien de but Benjamin Lecomte 40
46%
RC Lens Attaquant Florian Sotoca 7
46%
Stade Brestois 29 Défenseur Kenny Lala 7
46%
AS Monaco Attaquant Mika Biereth 14
46%
Olympique Lyonnais Défenseur Moussa Niakhaté 19
46%
FC Nantes Défenseur Nicolas Pallois 4
46%
LOSC Lille Gardien de but Vito Mannone 1
46%
RC Strasbourg Attaquant Emanuel Emegha 10
45%
Paris SG Attaquant Ibrahim Mbaye 49
45%
Olympique de Marseille Attaquant Jonathan Rowe 17
45%
Olympique de Marseille Défenseur Ulisses Garcia 6
45%
AS Monaco Défenseur Wilfried Singo 17
45%
RC Lens Coach Will Still
45%
Stade Brestois 29 Défenseur Brendan Chardonnet 5
44%
AJ Auxerre Milieu de terrain Hamed Junior Traoré 25
44%
Stade de Reims Attaquant Keito Nakamura 17
44%
Olympique de Marseille Attaquant Neal Maupay 8
44%
AS Monaco Défenseur Vanderson 2
44%
LOSC Lille Défenseur Aïssa Mandi 2
43%
Stade Rennais FC Attaquant Arnaud Kalimuendo 9
43%
Olympique de Marseille Milieu de terrain Bilal Nadir 26
43%
AS Monaco Milieu de terrain Edan Diop 37
43%
Stade Brestois 29 Coach Eric Roy
43%
AS Saint-Étienne Gardien de but Gautier Larsonneur 30
43%
Toulouse FC Gardien de but Guillaume Restes 50
43%
RC Lens Défenseur Malang Sarr 20
43%
RC Strasbourg Défenseur Mamadou Sarr 23
43%
FC Nantes Attaquant Matthis Abline 39
43%
OGC Nice Attaquant Sofiane Diop 10
43%
OGC Nice Attaquant Terem Moffi 9
43%
Olympique de Marseille Défenseur Amar Dedic 77
42%
OGC Nice Attaquant Gaëtan Laborde 24
42%
AS Saint-Étienne Attaquant Lucas Stassin 32
42%
LOSC Lille Défenseur Alexsandro 4
41%
Montpellier HSC Attaquant Andy Delort 7
41%
LOSC Lille Milieu de terrain Ayyoub Bouaddi 32
41%
Olympique de Marseille Attaquant Faris Moumbagna 14
41%
FC Nantes Milieu de terrain Pedro Chirivella 5
41%
Olympique Lyonnais Gardien de but Rémy Descamps 40
41%
Stade Brestois 29 Attaquant Romain Del Castillo 10
41%
LOSC Lille Milieu de terrain Ethan Mbappé 29
40%
AJ Auxerre Attaquant Florian Ayé 19
40%
OGC Nice Coach Franck Haise
40%
AJ Auxerre Attaquant Gaëtan Perrin 10
40%
RC Strasbourg Milieu de terrain Habib Diarra 19
40%
Angers SCO Milieu de terrain Himad Abdelli 10
40%
Olympique Lyonnais Gardien de but Lassine Diarra 50
40%
RC Lens Attaquant Martín Satriano 9
40%
OGC Nice Attaquant Mohamed-Ali Cho 25
40%
Montpellier HSC Attaquant Wahbi Khazri 10
40%
RC Lens Défenseur Jonathan Gradit 24
39%
AS Monaco Gardien de but Radoslaw Majecki 1
39%
Stade de Reims Défenseur Abdoul Koné 92
38%
Stade de Reims Milieu de terrain Amadou Koné 72
38%
FC Nantes Coach Antoine Kombouaré
38%
Stade Rennais FC Coach Habib Beye
38%
RC Lens Gardien de but Hervé Koffi 16
38%
Stade Brestois 29 Milieu de terrain Hugo Magnetti 8
38%
Stade Rennais FC Milieu de terrain Ismaël Koné 90
38%
Olympique de Marseille Gardien de but Jeffrey de Lange 12
38%
OGC Nice Défenseur Jonathan Clauss 92
38%
AJ Auxerre Défenseur Jubal 4
38%
AJ Auxerre Attaquant Lasso Coulibaly 21
38%
AS Monaco Gardien de but Philipp Köhn 16
38%
Olympique Lyonnais Défenseur Saël Kumbedi 20
38%
Stade Brestois 29 Défenseur Soumaïla Coulibaly 44
38%
RC Lens Milieu de terrain Adrien Thomasson 28
37%
Le Havre AC Attaquant André Ayew 28
37%
OGC Nice Défenseur Antoine Mendy 33
37%
RC Strasbourg Gardien de but Djordje Petrovic 1
37%
Stade Rennais FC Attaquant Ludovic Blas 10
37%
LOSC Lille Défenseur Mitchel Bakker 20
37%
Montpellier HSC Attaquant Tanguy Coulibaly 70
37%
LOSC Lille Attaquant Chuba Akpom 24
36%
RC Lens Défenseur Deiver Machado 3
36%
LOSC Lille Défenseur Ismaily 31
36%
Stade Brestois 29 Milieu de terrain Kamory Doumbia 9
36%
Olympique de Marseille Défenseur Luiz Felipe 4
36%
Stade Brestois 29 Attaquant Mama Baldé 14
36%
AS Monaco Défenseur Mohammed Salisu 22
36%
RC Lens Milieu de terrain Nampalys Mendy 26
36%
Olympique de Marseille Gardien de but Rubén Blanco 36
36%
Olympique Lyonnais Défenseur Abner 16
35%
Stade Brestois 29 Défenseur Bradley Locko 2
35%
RC Strasbourg Attaquant Diego Moreira 7
35%
FC Nantes Défenseur Jean-Charles Castelletto 21
35%
LOSC Lille Attaquant Osame Sahraoui 11
35%
Stade Brestois 29 Défenseur Abdoulaye Ndiaye 3
34%
OGC Nice Attaquant Jérémie Boga 7
34%
Stade Brestois 29 Milieu de terrain Jonas Martin 28
34%
LOSC Lille Attaquant Matias Fernandez-Pardo 19
34%
RC Lens Attaquant M'Bala Nzola 8
34%
OGC Nice Défenseur Melvin Bard 26
34%
Olympique Lyonnais Milieu de terrain Paul Akouokou 4
34%
Le Havre AC Milieu de terrain Rassoul Ndiaye 19
34%
RC Lens Défenseur Ruben Aguilar 2
34%
RC Lens Attaquant Wesley Saïd 22
34%
AS Saint-Étienne Attaquant Zuriko Davitashvili 22
34%
Le Havre AC Défenseur Gautier Lloris 4
33%
AS Saint-Étienne Attaquant Ibrahim Sissoko 9
33%
AS Monaco Attaquant Krépin Diatta 27
33%
AJ Auxerre Attaquant Lassine Sinayoko 17
33%
RC Lens Milieu de terrain Neil El Aynaoui 23
33%
Stade Brestois 29 Attaquant Abdallah Sima 17
32%
Stade Rennais FC Défenseur Adrien Truffert 3
32%
RC Strasbourg Attaquant Dilane Bakwa 26
32%
LOSC Lille Défenseur Gabriel Gudmundsson 5
32%
OGC Nice Milieu de terrain Hicham Boudaoui 6
32%
Stade Brestois 29 Attaquant Ibrahim Salah 34
32%
Le Havre AC Gardien de but Mathieu Gorgelin 1
32%
RC Strasbourg Milieu de terrain Sebastian Nanasi 15
32%
AJ Auxerre Défenseur Sinaly Diomandé 20
32%
FC Nantes Attaquant Tino Kadewere 10
32%
OGC Nice Attaquant Evann Guessand 29
31%
Stade de Reims Milieu de terrain Teddy Teuma 10
31%
Le Havre AC Milieu de terrain Yassine Kechta 8
31%
Le Havre AC Gardien de but Arthur Desmas 30
30%
Le Havre AC Coach Didier Digard
30%
FC Nantes Milieu de terrain Douglas Augusto 6
30%
FC Nantes Milieu de terrain Johann Lepenant 8
30%
Montpellier HSC Milieu de terrain Jordan Ferri 12
30%
Stade Brestois 29 Défenseur Julien Le Cardinal 25
30%
RC Strasbourg Coach Liam Rosenior
30%
Stade Rennais FC Défenseur Lilian Brassier 5
30%
OGC Nice Défenseur Moïse Bombito 64
30%
LOSC Lille Milieu de terrain Ngal'ayel Mukau 17
30%
Angers SCO Attaquant Bamba Dieng 99
29%
Angers SCO Attaquant Ibrahima Niane 7
29%
Montpellier HSC Milieu de terrain Joris Chotard 13
29%
RC Lens Défenseur Juma Bah 27
29%
AS Monaco Milieu de terrain Moatasem Al-Musrati 8
29%
OGC Nice Milieu de terrain Morgan Sanson 11
29%
FC Nantes Défenseur Nathan Zézé 44
28%
Angers SCO Milieu de terrain Pierrick Capelle 15
28%
Paris SG Défenseur Yoram Zague 42
28%
OGC Nice Défenseur Youssouf Ndayishimiye 55
28%
Toulouse FC Attaquant Zakaria Aboukhlal 7
28%
AJ Auxerre Coach Christophe Pélissier
27%
Stade Rennais FC Défenseur Christopher Wooh 4
27%
Stade Brestois 29 Milieu de terrain Edimilson Fernandes 6
27%
Angers SCO Milieu de terrain Haris Belkebla 93
27%
OGC Nice Milieu de terrain Pablo Rosario 8
27%
RC Strasbourg Défenseur Abakar Sylla 5
26%
Angers SCO Défenseur Abdoulaye Bamba 25
26%
OGC Nice Défenseur Ali Abdi 2
26%
Le Havre AC Défenseur Arouna Sangante 93
26%
AS Monaco Défenseur Christian Mawissa 13
26%
Olympique de Marseille Milieu de terrain Darryl Bakola 50
26%
Toulouse FC Défenseur Djibril Sidibé 19
26%
RC Strasbourg Défenseur Ismaël Doukouré 29
26%
Montpellier HSC Défenseur Issiaga Sylla 3
26%
Montpellier HSC Coach Jean-Louis Gasset
26%
Angers SCO Attaquant Jim Allevinah 18
26%
Stade Brestois 29 Défenseur Jordan Amavi 23
26%
Stade Rennais FC Milieu de terrain Jordan James 17
26%
Le Havre AC Défenseur Loïc Nego 7
26%
FC Nantes Milieu de terrain Louis Leroux 66
26%
Stade Brestois 29 Milieu de terrain Romain Faivre 21
26%
AS Monaco Milieu de terrain Soungoutou Magassa 88
26%
RC Strasbourg Milieu de terrain Tidiane Diallo 35
26%
Olympique de Marseille Milieu de terrain Valentín Carboni 7
26%
OGC Nice Attaquant Youssoufa Moukoko 15
26%
Angers SCO Coach Alexandre Dujeux
25%
RC Lens Milieu de terrain Angelo Fulgini 11
25%
Toulouse FC Défenseur Charlie Cresswell 4
25%
Montpellier HSC Gardien de but Dimitry Bertaud 16
25%
Angers SCO Attaquant Farid El Melali 28
25%
AS Monaco Attaquant George Ilenikhena 21
25%
AS Saint-Étienne Attaquant Irvin Cardona 7
25%
Angers SCO Défenseur Jordan Lefort 21
25%
Stade Rennais FC Attaquant Mousa Tamari 11
25%
Olympique Lyonnais Défenseur Warmed Omari 27
25%
OGC Nice Attaquant Badredine Bouanani 19
24%
Montpellier HSC Défenseur Bamo Meïté 2
24%
Stade Rennais FC Attaquant Carlos Andrés Gómez 20
24%
Stade Brestois 29 Gardien de but Grégoire Coudert 30
24%
Angers SCO Milieu de terrain Jean-Eudes Aholou 6
24%
Stade Rennais FC Défenseur Jérémy Jacquet 97
24%
Stade Brestois 29 Défenseur Massadio Haidara 22
24%
Stade Brestois 29 Attaquant Mathias Pereira Lage 26
24%
FC Nantes Défenseur Nicolas Cozza 3
24%
Toulouse FC Milieu de terrain Vincent Sierro 8
24%
Angers SCO Attaquant Zinedine Ferhat 20
24%
RC Strasbourg Attaquant Abdoul Ouattara 42
23%
Montpellier HSC Défenseur Becir Omeragic 27
23%
Le Havre AC Milieu de terrain Daler Kuzyaev 14
23%
Stade Rennais FC Gardien de but Doğan Alemdar 80
23%
Toulouse FC Défenseur Gabriel Suazo 17
23%
AJ Auxerre Défenseur Gideon Mensah 14
23%
Stade Rennais FC Défenseur Hans Hateboer 33
23%
RC Lens Défenseur Jhoanner Chávez 13
23%
AS Monaco Défenseur Jordan Teze 4
23%
AS Monaco Défenseur Kassoum Ouattara 20
23%
AS Saint-Étienne Défenseur Léo Pétrot 19
23%
FC Nantes Défenseur Marcus Coco 11
23%
Toulouse FC Milieu de terrain Aron Dønnum 15
22%
OGC Nice Milieu de terrain Baptiste Santamaria 28
22%
Montpellier HSC Défenseur Falaye Sacko 77
22%
Angers SCO Défenseur Florent Hanin 26
22%
Toulouse FC Attaquant Joshua King 13
22%
Angers SCO Gardien de but Melvin Zinga 16
22%
AS Saint-Étienne Défenseur Mickaël Nade 3
22%
LOSC Lille Défenseur Samuel Umtiti 14
22%
AS Saint-Étienne Défenseur Yunis Abdelhamid 5
22%
AJ Auxerre Attaquant Ado Onaiwu 45
21%
AS Saint-Étienne Milieu de terrain Benjamin Bouchouari 6
21%
Angers SCO Défenseur Carlens Arcus 2
21%
Stade Rennais FC Milieu de terrain Djaoui Cissé 38
21%
AJ Auxerre Milieu de terrain Elisha Owusu 42
21%
RC Strasbourg Milieu de terrain Félix Lemaréchal 6
21%
Stade Rennais FC Défenseur Lorenz Assignon 22
21%
Le Havre AC Milieu de terrain Mahamadou Diawara 34
21%
Stade de Reims Coach Samba Diawara
21%
Stade Rennais FC Défenseur Alidu Seidu 36
20%
Stade Rennais FC Gardien de but Gauthier Gallon 23
20%
RC Lens Attaquant Goduine Koyalipou 19
20%
Le Havre AC Attaquant Issa Soumaré 45
20%
Le Havre AC Attaquant Josué Casimir 10
20%
Le Havre AC Milieu de terrain Junior Mwanga 23
20%
FC Nantes Défenseur Kelvin Amian 98
20%
AJ Auxerre Défenseur Ki-Jana Hoever 23
20%
Toulouse FC Défenseur Rasmus Nicolaisen 2
20%
RC Strasbourg Attaquant Sékou Mara 14
20%
Stade Rennais FC Défenseur Anthony Rouault 24
19%
AJ Auxerre Défenseur Clément Akpa 92
19%
RC Strasbourg Attaquant Moïse Sahi Dion 11
19%
AJ Auxerre Défenseur Paul Joly 26
19%
AJ Auxerre Gardien de but Théo De Percin 40
19%
RC Strasbourg Défenseur Thomas Delaine 3
19%
Stade Rennais FC Milieu de terrain Azor Matusiwa 6
18%
AS Saint-Étienne Défenseur Dylan Batubinsika 21
18%
Toulouse FC Attaquant Frank Magri 9
18%
FC Nantes Attaquant Herba Guirassy 62
18%
AJ Auxerre Milieu de terrain Kévin Danois 27
18%
Montpellier HSC Milieu de terrain Khalil Fayad 22
18%
Montpellier HSC Défenseur Kiki Kouyaté 4
18%
Angers SCO Défenseur Lilian Raolisoa 27
18%
AS Saint-Étienne Milieu de terrain Louis Mouton 14
18%
OGC Nice Milieu de terrain Tanguy Ndombélé 22
18%
Toulouse FC Attaquant Yann Gboho 10
18%
RC Strasbourg Gardien de but Alaa Bellaarouch 36
17%
AS Saint-Étienne Milieu de terrain Florian Tardieu 10
17%
Stade de Reims Milieu de terrain Gabriel Moscardo 19
17%
AJ Auxerre Défenseur Gabriel Osho 3
17%
Stade de Reims Attaquant Mohamed Daramy 9
17%
RC Lens Milieu de terrain Anass Zaroury 21
16%
Angers SCO Défenseur Cédric Hountondji 22
16%
Toulouse FC Milieu de terrain Cristian Cásseres Jr. 23
16%
Olympique Lyonnais Attaquant Enzo Molebe 29
16%
FC Nantes Milieu de terrain Florent Mollet 25
16%
Angers SCO Défenseur Jacques Ekomié 3
16%
Olympique de Marseille Gardien de but Jelle Van Neck 40
16%
RC Strasbourg Gardien de but Karl-Johan Johnsson 30
16%
Toulouse FC Défenseur Mark McKenzie 3
16%
Stade Rennais FC Défenseur Mikayil Faye 15
16%
Angers SCO Attaquant Sidiki Chérif 11
16%
AS Monaco Gardien de but Yann Lienard 50
16%
Le Havre AC Attaquant Ahmed Hassan 99
15%
AS Saint-Étienne Milieu de terrain Aïmen Moueffek 29
15%
AS Saint-Étienne Défenseur Dennis Appiah 8
15%
AS Saint-Étienne Coach Eirik Horneland
15%
Olympique de Marseille Attaquant Keyliane Abdallah 48
15%
Stade Brestois 29 Défenseur Luck Zogbé 12
15%
OGC Nice Gardien de but Maxime Dupé 31
15%
Toulouse FC Milieu de terrain Niklas Schmidt 20
15%
FC Nantes Défenseur Saïdou Sow 24
15%
Stade de Reims Défenseur Sergio Akieme 18
15%
Le Havre AC Défenseur Timothée Pembélé 32
15%
AS Saint-Étienne Défenseur Yvann Maçon 27
15%
AS Saint-Étienne Attaquant Djylian N'Guessan 63
14%
Angers SCO Défenseur Emmanuel Biumla 24
14%
AJ Auxerre Défenseur Fredrik Oppegård 12
14%
AJ Auxerre Milieu de terrain Han-Noah Massengo 80
14%
LOSC Lille Gardien de but Marc-Aurèle Caillard 16
14%
FC Nantes Gardien de but Patrik Carlgren 30
14%
AS Saint-Étienne Milieu de terrain Pierre Ekwah 4
14%
RC Lens Attaquant Rémy Labeau Lascary 36
14%
Toulouse FC Attaquant Shavy Babicka 80
14%
OGC Nice Milieu de terrain Tom Louchet 20
14%
Le Havre AC Attaquant Antoine Joujou 21
13%
AS Saint-Étienne Attaquant Ben Old 11
13%
Montpellier HSC Défenseur Christopher Jullien 6
13%
RC Lens Gardien de but Denis Petric 1
13%
RC Strasbourg Défenseur Eduard Sobol 77
13%
Le Havre AC Défenseur Étienne Youté Kinkoué 6
13%
FC Nantes Défenseur Fabien Centonze 18
13%
FC Nantes Milieu de terrain Francis Coquelin 13
13%
RC Lens Milieu de terrain Hamzat Ojediran 15
13%
Le Havre AC Attaquant Ilyes Housni 46
13%
Stade de Reims Défenseur Joseph Okumu 2
13%
Toulouse FC Gardien de but Kjetil Haug 16
13%
OGC Nice Défenseur Mohamed Abdelmonem 5
13%
Montpellier HSC Attaquant Othmane Maamma 14
13%
AJ Auxerre Attaquant Theo Bair 9
13%
Angers SCO Milieu de terrain Yassine Belkhdim 14
13%
RC Strasbourg Défenseur Yoni Gomis 25
13%
Angers SCO Milieu de terrain Zinédine Ould Khaled 12
13%
Angers SCO Attaquant Adrien Hunou 23
12%
RC Strasbourg Défenseur Andrew Omobamidele 2
12%
AS Saint-Étienne Milieu de terrain Augustine Boakye 20
12%
Stade de Reims Défenseur Aurélio Buta 23
12%
AS Saint-Étienne Gardien de but Brice Maubleu 1
12%
Montpellier HSC Défenseur Enzo Tchato 29
12%
Toulouse FC Défenseur Jaydee Canvot 29
12%
Stade Rennais FC Attaquant Kyogo Furuhashi 7
12%
Stade de Reims Gardien de but Ludovic Butelle 16
12%
Paris SG Défenseur Naoufel El Hannach 45
12%
Stade Brestois 29 Gardien de but Noah Jauny 50
12%
Stade de Reims Milieu de terrain Reda Khadra 14
12%
Montpellier HSC Défenseur Théo Sainte-Luce 17
12%
RC Lens Attaquant Jeremy Agbonifo 25
11%
Montpellier HSC Défenseur Lucas Mincarelli 21
11%
FC Nantes Attaquant Meschack Elia 17
11%
RC Strasbourg Attaquant Óscar Perea 20
11%
Montpellier HSC Milieu de terrain Rabby Nzingoula 19
11%
Stade de Reims Milieu de terrain Valentin Atangana 6
11%
Toulouse FC Défenseur Warren Kamanzi 12
11%
AS Saint-Étienne Gardien de but Boubacar Fall 16
10%
Toulouse FC Coach Carles Martínez Novell
10%
Stade de Reims Défenseur Cédric Kipré 21
10%
Stade de Reims Attaquant Mamadou Diakhon 67
10%
AS Saint-Étienne Défenseur Maxime Bernauer 13
10%
Montpellier HSC Défenseur Modibo Sagnan 5
10%
Montpellier HSC Défenseur Nikola Maksimović 52
10%
Le Havre AC Défenseur Yanis Zouaoui 18
10%
AS Saint-Étienne Défenseur Anthony Briançon 23
9%
AJ Auxerre Milieu de terrain Assane Dioussé 18
9%
RC Lens Défenseur Nidal Celik 4
9%
Angers SCO Gardien de but Oumar Pona 40
9%
RC Strasbourg Attaquant Samuel Amo-Ameyaw 27
9%
OGC Nice Gardien de but Teddy Boulhendi 77
9%
RC Lens Milieu de terrain Tom Pouilly 34
9%
Olympique de Marseille Milieu de terrain Yanis Sellami 45
9%
Stade de Reims Défenseur Hiroki Sekine 3
8%
Stade Brestois 29 Défenseur Justin Bourgault 18
8%
Angers SCO Attaquant Justin-Noël Kalumba 17
8%
Toulouse FC Milieu de terrain Miha Zajc 21
8%
Le Havre AC Défenseur Oualid El Hajjam 17
8%
Stade de Reims Gardien de but Alexandre Olliero 20
7%
Stade Rennais FC Milieu de terrain Ayanda Sishuba 28
7%
Le Havre AC Attaquant Elysée Logbo 20
7%
Stade Rennais FC Gardien de but Geoffrey Lembet 40
7%
Stade de Reims Milieu de terrain John Patrick 30
7%
Stade Rennais FC Défenseur Mahamadou Nagida 18
7%
RC Strasbourg Milieu de terrain Pape Diong 17
7%
AS Saint-Étienne Défenseur Pierre Cornud 17
7%
AJ Auxerre Gardien de but Tom Negrel 30
7%
FC Nantes Gardien de but Hugo Barbet 50
6%
AS Saint-Étienne Attaquant Ibrahima Wadji 25
6%
AS Saint-Étienne Milieu de terrain Igor Miladinovic 28
6%
Stade de Reims Attaquant Jordan 12
6%
Stade Rennais FC Attaquant Kazeem Olaigbe 19
6%
AS Saint-Étienne Milieu de terrain Lamine Fomba 26
6%
Montpellier HSC Milieu de terrain Nicolas Pays 18
6%
AJ Auxerre Gardien de but Raphaël Adiceam 37
6%
Le Havre AC Attaquant Yann Kitala 9
6%
Le Havre AC Milieu de terrain Aloïs Confais 25
5%
AJ Auxerre Défenseur Ange Loïc N'Gatta 24
5%
AJ Auxerre Attaquant Aristide Zossou 77
5%
FC Nantes Milieu de terrain Dehmaine Tabibou 59
5%
AJ Auxerre Attaquant Eros Maddy 11
5%
Le Havre AC Milieu de terrain Ismaïl Bouneb 44
5%
AJ Auxerre Milieu de terrain Nathan Buayi-Kiala 8
5%
Le Havre AC Attaquant Ruben Londja 70
5%
Toulouse FC Défenseur Ümit Akdağ 6
5%
OGC Nice Attaquant Victor Orakpo 45
5%
Toulouse FC Défenseur Ylies Aradj 26
5%
Montpellier HSC Gardien de but Belmin Dizdarevic 1
4%
AJ Auxerre Milieu de terrain Ben Viadere 29
4%
Montpellier HSC Attaquant Glenn Ngosso 28
4%
Toulouse FC Gardien de but Justin Lacombe 40
4%
Stade de Reims Milieu de terrain Mory Gbane 24
4%
Stade Rennais FC Milieu de terrain Naouirou Ahamada 32
4%
Stade de Reims Défenseur Nhoa Sangui 55
4%
Stade Rennais FC Attaquant Wilson Samaké 52
4%
OGC Nice Défenseur Amidou Doumbouya 44
3%
Stade de Reims Défenseur Malcolm Jeng 31
2%
Aucun quiz correspondant
Distribution des résultats
% des personnes avec chaque résultat
Percentile par nombre de réponses
Votre historique - résultats
Vous n’avez pas pris ce quiz depuis la dernière actualisation